| 000 | 00526nam a22001817a 4500 | ||
|---|---|---|---|
| 003 | CEME | ||
| 005 | 20210628201730.0 | ||
| 008 | 210204b xxu||||| |||| 00| 0 eng d | ||
| 020 | _a1-58053-747-2 | ||
| 040 | _c. | ||
| 082 | _a658.4038 PRI | ||
| 100 |
_aPritchard, Carl _956577 |
||
| 245 | _aThe project management communications toolkit | ||
| 260 |
_aBOSTON _bARTECH HOUSE _c2004 |
||
| 300 | _aIX,205 | ||
| 650 |
_aCOMMUNICATION IN MANAGEMENT, PROJECT MANAGEMENT.MANAGEMENT INFORMATION SYSTEMS _956578 |
||
| 942 |
_cBK _2ddc |
||
| 999 |
_c566964 _d566964 |
||